000 01241nac a22004570a 4500
001 PT51702
003 AR-LpoUNG
005 20210201005503.0
008 201001s2012||||ag |||||||||||||||||spa d
020 _a9789500738422
_c$4
040 _aAR-LpoUNG
_bspa
_eaacr
041 _aspa
044 _aag
082 0 _a982.065 54v2
100 1 _aYofre, Juan Bautista
_edir.
245 1 0 _aGaltieri es bendecido en Washington
250 _a1ª ed.
260 _aBuenos Aires :
_bRandom House Mondadori,
_cmarzo 2012.
300 _a48 p. :
_bil., fot., mapas
_a(20
_fVolúmenes)
_3Impreso
490 0 _aMalvinas : la historia documentada
650 4 _aANALISIS HISTORICO
650 4 _aARGENTINA
650 4 _aARMISTICIO
650 4 _aESTADOS UNIDOS
650 4 _aGUERRA
650 4 _aHISTORIA POLITICA
650 4 _aIMPERIALISMO
650 4 _aINDUSTRIA DE LA DEFENSA
650 4 _aJEFES DE ESTADO
650 4 _aMILITARISMO
650 4 _aPOLITICA INTERNACIONAL
650 4 _aREINO UNIDO
650 4 _aRELACIONES INTERNACIONALES
650 4 _aVICTIMAS
651 4 _aMundial
653 _aINGLATERRA
653 _aISLAS MALVINAS
700 1 _aRodríguez Muñoz, Chacho
_ecol.
905 _a51702
942 _cLIB
999 _c49862
_d49862